General Knowledge #6 - Statistics

General Stats
  • This quiz has been taken 54 times
  • The average score is 7 of 10
Answer Stats
Hint Answer % Correct
Name the country whose capital is Buenos Aires Argentina
100%
Name the German dictator who led the Nazi's during World War 2 Adolf Hitler
90%
What element has the symbol Au? Gold
83%
Which author is the only author to make $1 Billion off of books? J.K. Rowling
83%
Who created the painting "Starry Night"? Vincent van Gogh
75%
Who was the second person on the moon? Buzz Aldrin
73%
What species of whale is the largest? Blue Whale
63%
What is the capital of the U.S state Michigan? Lansing
46%
Who was the oldest person the signed the Declaration of Independence? Benjamin Franklin
29%
In math, what do you call a letter that takes the place of a number? Variable
15%
No matching quizzes found
Score Distribution
Percent of People with Each Score
Percentile by Number Answered
Your Score History
You have not taken this quiz